000
00199 a2200097 4500
020
_a
9780765280404
041
_a
spa
100
_a
tatler sarah
245
_a
sammy sosa un verdadero heroe
942
_c
BK
999
_c
10850
_d
10850